El pabellón español, o diccionario histórico descriptivo de las batallas, sitios y acciones más notables que han dado o que han asistido las armas españolas, desde los Cartaginenses hasta nuestros días / (Record no. 38995)

MARC details
000 -LEADER
campo de control de longitud fija 00637nam a2200157 i 4500
001 - NÚMERO DE CONTROL
campo de control 38995
003 - IDENTIFICADOR DE NÚMERO DE CONTROL
campo de control ES-MaACL
005 - FECHA Y HORA DE LA ÚLTIMA TRANSACCIÓN
campo de control 20230906155852.0
007 - CAMPO FIJO DE DESCRIPCIÓN FÍSICA--INFORMACIÓN GENERAL
campo de control de longitud fija t|
008 - DATOS DE LONGITUD FIJA--INFORMACIÓN GENERAL
campo de control de longitud fija 030227s1855 sp ||||1| spa d
100 1# - ENTRADA PRINCIPAL--NOMBRE DE PERSONA
Nombre de persona Calonge y Pérez, Ignacio.
9 (RLIN) 33777
245 13 - MENCIÓN DEL TÍTULO
Título El pabellón español, o diccionario histórico descriptivo de las batallas, sitios y acciones más notables que han dado o que han asistido las armas españolas, desde los Cartaginenses hasta nuestros días /
Mención de responsabilidad, etc. por Ignacio Calonge y Pérez.
260 ## - PUBLICACIÓN, DISTRIBUCIÓN, ETC.
Lugar de publicación, distribución, etc. Madrid :
Nombre del editor, distribuidor, etc. [s.n.,
Fecha de publicación, distribución, etc. 1855] (
Fabricante Alejandro Gómez Fuentenebro)
300 ## - DESCRIPCIÓN FÍSICA
Extensión 2 t. en 1 v.
852 ## - LOCALIZACIÓN
Ubicación ES-MaACL
Número de control de estantería B-11274
Holdings
Estatus retirado Estado de pérdida Estado de daño No para préstamo Colección Biblioteca de origen Biblioteca actual Ubicación en estantería Fecha de adquisición Fuente de adquisición Total de préstamos Signatura topográfica completa Código de barras Visto por última vez Precio de reemplazo Tipo de ítem Koha
        Colección de referencia Biblioteca del Ateneo de Madrid Biblioteca del Ateneo de Madrid Sala Pardo Bazán 17/01/2008     B-11274 1041064 23/02/2023 23/02/2023 Libro impreso antiguo